Regions : Near and far

Gorde:
Xehetasun bibliografikoak
Formatua: Liburua
Hizkuntza:Undetermined
Argitaratua: New York Macmillan/McGraw-Hill 1995
Gaiak:
Etiketak: Etiketa erantsi
Etiketarik gabe, Izan zaitez lehena erregistro honi etiketa jartzen!
Thư viện lưu trữ: Trung tâm Học liệu Trường Đại học Cần Thơ
LEADER 00539nam a2200205Ia 4500
001 CTU_129956
008 210402s9999 xx 000 0 und d
020 |c 69.84 
082 |a 973 
082 |b R336 
245 0 |a Regions : 
245 0 |b Near and far 
245 0 |c James A. Banks ... [et al.] 
260 |a New York 
260 |b Macmillan/McGraw-Hill 
260 |c 1995 
650 |a United States,United States 
650 |x Social conditions,History 
904 |i Giang 
980 |a Trung tâm Học liệu Trường Đại học Cần Thơ